00726 2200217 4500001002100000005001500021035002000036007000300056008004100059020001800100082001100118084001700129100001600146245006400162250001200226260002800238300002100266700001400287520019100301990001600492INLIS00000000000014620260526094224 a0010-0526000034ta260526 b 0 ind  a9786024204761 a297.63 a297.63 IWO f0 aIwok Abqary1 aFatimah Putri Rasulullah :bPutri Rasulullah /cIwok Abqary aCet. IV aBandung :bMizan,c2023 a20 hlm. :bIlus.0 aM Isnaeni aBuku ini menceritakan tentang kisah Fatimah Az-Zahra. Dia adalah salah satu putri Rasulullah Saw. Buku ini juga mengajarkan kepada anak-anak supaya berani dan gemar menyebarkan kebaikan. a00000000168